Estatísticas para 100 Melhores Times do Brasil

Clique aqui para jogar o quiz

Estatísticas Gerais

  • Esse quiz foi jogado 1 002 vezes
  • A pontuação média é 48 de 100

Estatísticas das Respostas

HintResposta% Correto
2Flamengo
99%
1Palmeiras
97%
8Corinthians
96%
5Santos
96%
11São Paulo
96%
3Grêmio
95%
7Atlético Mineiro
94%
14Botafogo
94%
13Fluminense
94%
9Internacional
93%
15Vasco
93%
4Cruzeiro
92%
10Bahia
89%
12Chapecoense
83%
24Coritiba
83%
23Fortaleza
83%
19Ceará
81%
17Vitória
81%
16Sport
80%
20Goiás
79%
29Juventude
77%
18America Mineiro
76%
21Ponte Preta
76%
6Athletico Paranaense
75%
37Bragantino
75%
22Avaí
73%
41Náutico
71%
36Criciúma
70%
30CSA
70%
43Cuiabá
70%
28Paysandu
70%
42Guarani
69%
26Paraná
68%
53Remo
68%
25Atlético Goianiense
67%
34Santa Cruz
67%
32CRB
66%
27Figueirense
64%
91Portuguesa
63%
45ABC
60%
31Londrina
57%
49Joinville
55%
33Vila Nova
55%
50Operário
53%
39Brasil de Pelotas
52%
94Brasiliense
50%
81Ituano
50%
35Sampaio Correa
50%
56Volta Redonda
50%
84Caxias
48%
62América de Natal
43%
89Manaus
42%
52Confiança
40%
58Asa
38%
66Brusque
38%
61Ferroviário
37%
38Oeste
37%
99Ferroviária
36%
54Tombense
36%
65Moto Club
35%
68Rio Branco
34%
73Treze
32%
51Ypiranga
32%
70Campinense
31%
40Luverdense
29%
47Botafogo-PB
28%
46São Bento
27%
63São José
27%
86Sergipe
26%
79River
25%
44Boa Esporte
23%
85Boavista
22%
78Caldense
21%
71Altos
20%
75Macaé
20%
98Maringá
20%
59Globo
19%
64Juazeirense
19%
57Salgueiro
19%
55Tupi
19%
100Jacuipense
17%
80São Raimundo-PA
17%
88São Raimundo-RR
17%
82Fluminense de Feira
15%
48Botafogo-SP
14%
67Imperatriz
14%
87Central
12%
92Cianorte
11%
74URT
11%
72Itabaiana
10%
76Mogi Mirim
9%
93Tubarão
9%
83Sinop
8%
69Aparicidense
6%
97Ceilandia
6%
95Murici
5%
60Atlético-AC
4%
96Corumbaense
4%
77Santos-AP
3%
90Real Desportivo
2%

Distribuição das Pontuações

Percentil de Números Respondidos

Porcentagem de Pessoas com Cada Pontuação

Sua Pontuação Histórica

Você não jogou esse quiz